000 00442nam a2200181Ia 4500
003 GCL
008 140319s9999 xx 000 0 eng d
040 _aGCL /
_cGCL
082 0 4 _ap
_b305
_bad
100 1 _aACKROYD, CHRISTOPHER
245 1 0 _aDEMOCRATIE /
_cACKROYD, CHRISTOPHER
700 1 _aDOSSIER DU CEDEJ
260 _a[S.N] :
_bDOSSIERS DU CEDEJ
300 _a416
650 0 4 _aDEMOCRACY
650 0 4 _aDEMOCRATIE
942 _2ddc
_cCR
999 _c25787
_d25787